Quản lý dự án bằng phương pháp
Na minha lista:
| Autor principal: | |
|---|---|
| Formato: | Livro |
| Idioma: | Undetermined |
| Publicado em: |
Hà Nội
KHKT SCITEC
1992
|
| Assuntos: | |
| Tags: |
Adicionar Tag
Sem tags, seja o primeiro a adicionar uma tag!
|
| Thư viện lưu trữ: | Trung tâm Học liệu Trường Đại học Cần Thơ |
|---|
| LEADER | 00626nam a2200169Ia 4500 | ||
|---|---|---|---|
| 001 | CTU_46466 | ||
| 008 | 210402s9999 xx 000 0 und d | ||
| 082 | |a 658.05 | ||
| 082 | |b M961 | ||
| 100 | |a Ạ.Mulvaney | ||
| 245 | 0 | |a Quản lý dự án bằng phương pháp | |
| 245 | 0 | |c Ạ.Mulvaney, E.Eng Miee | |
| 260 | |a Hà Nội | ||
| 260 | |b KHKT SCITEC | ||
| 260 | |c 1992 | ||
| 650 | |a data structures ( computer science ),data transmission systems,database management - computer programs,information resources management,management information systems | ||
| 980 | |a Trung tâm Học liệu Trường Đại học Cần Thơ | ||